000 01202cam a2200313 a 4500
001 13460431
005 20041008143357.0
008 040116s2005 ohua 001 0 eng
010 _a2004100661
020 _a0324206364
020 _a0324223145 (Text Only)
035 _a(DLC) 2004100661
040 _aDLC
_cDLC
_dDLC
043 _an-us---
050 0 0 _aKF889.6
_b.B433 2005
082 0 0 _a346.7307
_222
_bBEA
100 1 _aBeatty, Jeffrey F.
_95100
245 1 0 _aEssentials of Business Law /
_cJeffrey F. Beatty, Susan S. Samuelson.
250 _a2nd ed.
260 _aMason, Ohio :
_bThomson/South-Western,
_cc2005.
300 _a1 v. (various pagings) :
_bill. ;
_c26 cm.
500 _aRev. ed. of: Essentials of business law for a new century, c2003.
500 _aIncludes index.
650 0 _aBusiness law
_zUnited States.
_95101
700 1 _aBeatty, Jeffrey F.
_tEssentials of business law for a new century.
_95102
942 _2ddc
_cBB
999 _c11610
_d11610